000
00269nam a2200109Ia 4500
001
1259626
005
20260417140315.0
008
260417s9999 xx 000 0 und d
020
_a
9789752894532
245
0
_a
Nefes Nefese
_c
Ayşe Kulin
260
_b
Everest Yayınları
999
_c
1259626
_d
1259626